00726nam a22001815i 4500001000700000003000900007005001700016008004100033040002000074110004000094245009300134260003700227300004100264599005000305852004400355999001900399952012600418166792ES-MaACL20230906213413.0040720s1889 xxua |||| | eng d aCAM bspa cCAM2 aUniversity of Pennsylvania.916971610aHandbook of information concerning the School of Biology / cUniversity of Pennsylvania. aPhiladelphia : b[s.n.], c1889. a125 p., [10] h. de lám. ; c27 cm. aLas h. de lám. fotografías de la escuela. aES-MaACLjG-7017 z-- Rust. deteriorada c166792d166792 001040708LIBXIXaATENEOMbATENEOMcDEPO2d2008-01-17eSSCl0oG-7017p1174943r2023-02-23 00:00:00w2023-02-23yMONANT